Truvères et troubadours / (Record no. 150774)

MARC details
000 -LEADER
campo de control de longitud fija 00545nam a2200193 i 4500
001 - NÚMERO DE CONTROL
campo de control 150774
003 - IDENTIFICADOR DE NÚMERO DE CONTROL
campo de control ES-MaACL
005 - FECHA Y HORA DE LA ÚLTIMA TRANSACCIÓN
campo de control 20230906203706.0
007 - CAMPO FIJO DE DESCRIPCIÓN FÍSICA--INFORMACIÓN GENERAL
campo de control de longitud fija t|
008 - DATOS DE LONGITUD FIJA--INFORMACIÓN GENERAL
campo de control de longitud fija 071112s1909 fr ||||1| fre d
100 1# - ENTRADA PRINCIPAL--NOMBRE DE PERSONA
Nombre de persona Aubry, Pierre.
9 (RLIN) 23830
245 10 - MENCIÓN DEL TÍTULO
Título Truvères et troubadours /
Mención de responsabilidad, etc. par Pierre Aubry.
260 ## - PUBLICACIÓN, DISTRIBUCIÓN, ETC.
Lugar de publicación, distribución, etc. Paris :
Nombre del editor, distribuidor, etc. Félix Alcan,
Fecha de publicación, distribución, etc. [1909?]
300 ## - DESCRIPCIÓN FÍSICA
Extensión 2 h., 221 p., 1 h. ;
Dimensiones 20 cm.
490 1# - MENCIÓN DE SERIE
Mención de serie Las maitres de la musique
830 0# - PUNTO DE ACCESO ADICIONAL DE SERIE-TÍTULO UNIFORME
Título uniforme Las maitres de la musique
9 (RLIN) 221166
852 ## - LOCALIZACIÓN
Ubicación ES-MaACL
Número de control de estantería G-8948
Holdings
Estatus retirado Estado de pérdida Estado de daño No para préstamo Biblioteca de origen Biblioteca actual Ubicación en estantería Fecha de adquisición Fuente de adquisición Total de préstamos Signatura topográfica completa Código de barras Visto por última vez Precio de reemplazo Tipo de ítem Koha
        Biblioteca del Ateneo de Madrid Biblioteca del Ateneo de Madrid Sala Pecera Planta 3 17/01/2008     G-8948 1157324 23/02/2023 23/02/2023 Libro impreso